Music Quiz

Random Music or Lyrics Quiz

Clickable Sporcle Quiz Show: Music Stats

 Plays Quiz Updated Sep 9, 2016

Score 0/30 Timer 05:00
9 Plays Today
% Correct
ABBEY ROAD
94.6%
GHOSTBUSTERS
93.7%
TITANIC
93.4%
DARK SIDE
OF THE MOON
92.7%
CHAMPIONS
92.5%
ROCKY III
92.3%
BOHEMIAN
RHAPSODY
91.6%
STRINGS
91.4%
VOLUME KNOB
90.9%
NEVERMIND
90.6%
DON'T WORRY
BE HAPPY
90.3%
HEADSTOCK
88.9%
BABY GOT BACK
87.7%
THE BODYGUARD
87.6%
HOUSES OF
THE HOLY
87.5%
% Correct
BITES THE DUST
86.8%
FRETS
85.5%
WHAMMY BAR
84.8%
I'M TOO SEXY
83.1%
ICE ICE BABY
82.8%
AFTERNOON
DELIGHT
81.9%
GHOST
81.4%
VELVET
UNDERGROUND
79.4%
VIVALDI
79.1%
BEETHOVEN
78.8%
DON'T STOP ME NOW
77.8%
WAGNER
75%
BACH
72.1%
GRIEG
68.8%
BICYCLE RACE
68.7%

You're not logged in!

Compare scores with friends on all Sporcle quizzes.
OR
Log In

You Might Also Like...

Show Comments

Extras

Top Quizzes Today


Score Distribution

Your Account Isn't Verified!

In order to create a playlist on Sporcle, you need to verify the email address you used during registration. Go to your Sporcle Settings to finish the process.

Report this User

Report this user for behavior that violates our Community Guidelines.

Details: